[Event "La Pobla de Lillet op A"]
[Site "La Pobla de Lillet ESP"]
[Date "2014.08.09"]
[Round "8.4"]
[White "Boix Moreno, D."]
[Black "Sanpera Bonet, JC."]
[Result "1-0"]
[WhiteElo "2267"]
[BlackElo "2089"]
[PlyCount "91"]
[EventDate "2014.08.02"]
[EventType "swiss"]
[EventRounds "9"]
[EventCountry "ESP"]
[SourceTitle "Ajedrez en Madrid"]
[Source "lmi"]
[SourceDate "2020.06.24"]
[SourceVersion "1"]
[SourceVersionDate "2020.06.24"]
[SourceQuality "1"]

1. e4 d6 2. d4 Nf6 3. Nc3 Nc6 4. Nf3 Bg4 5. Be3 e6 6. h3 Bh5 7. d5 exd5 8. exd5
Ne5 9. g4 Bg6 10. Nh4 Ne4 11. Nxg6 Nxc3 12. bxc3 hxg6 13. Rb1 Qc8 14. Qe2 Be7
15. Bg2 O-O 16. O-O g5 17. Be4 b6 18. f4 gxf4 19. Bxf4 Rb8 20. Kg2 Qd8 21. g5
g6 22. h4 Kg7 23. c4 Qd7 24. Bxe5+ dxe5 25. Bd3 e4 26. Qxe4 Rbe8 27. Qd4+ Kg8
28. Rbe1 c5 29. Qf4 Bd6 30. Qf3 Bb8 31. Qh3 Qd6 32. Rf6 Rxe1 33. Rxd6 Bxd6 34.
Qd7 Bb8 35. Qg4 Re3 36. Qd7 Re5 37. Qc6 Re3 38. a4 Rfe8 39. a5 Bg3 40. h5 Be1
41. hxg6 R8e5 42. gxf7+ Kxf7 43. Qf6+ Ke8 44. Bg6+ Kd7 45. Bf5+ Ke8 46. Be6 1-0

[Event "La Pobla de Lillet op A"]
[Site "La Pobla de Lillet ESP"]
[Date "2014.08.09"]
[Round "8.5"]
[White "Capellades Subirana, M."]
[Black "Gabarro Sole, R."]
[Result "1/2-1/2"]
[WhiteElo "2188"]
[BlackElo "2071"]
[PlyCount "163"]
[EventDate "2014.08.02"]
[EventType "swiss"]
[EventRounds "9"]
[EventCountry "ESP"]
[SourceTitle "Ajedrez en Madrid"]
[Source "lmi"]
[SourceDate "2020.06.24"]
[SourceVersion "1"]
[SourceVersionDate "2020.06.24"]
[SourceQuality "1"]

1. e4 c5 2. Nf3 d6 3. d4 cxd4 4. Nxd4 Nf6 5. Nc3 g6 6. Be3 Bg7 7. Be2 O-O 8.
Qd2 Nc6 9. Rd1 Bd7 10. O-O a6 11. a4 Rc8 12. Nxc6 Bxc6 13. f3 Qc7 14. Bd4 Rfd8
15. Qe3 Nd7 16. Bxg7 Kxg7 17. Rd2 Nf6 18. Rfd1 Be8 19. Kh1 Qc5 20. Qd4 Qxd4 21.
Rxd4 Rc5 22. f4 Rdc8 23. Bf3 b5 24. axb5 axb5 25. Kg1 Rb8 26. Rb4 g5 27. g3 g4
28. Bg2 Rc4 29. Rd4 Rxd4 30. Rxd4 b4 31. Na2 b3 32. cxb3 Rxb3 33. Rb4 Rxb4 34.
Nxb4 e5 35. Nd5 Nxd5 36. exd5 exf4 37. gxf4 h5 38. Kf2 Bb5 39. Be4 Bc4 40. Kg3
Bb3 41. h3 gxh3 42. Kxh3 f6 43. Kh4 Bd1 44. b4 Be2 45. Kg3 Bc4 46. Kh4 Be2 47.
Bf5 Kf7 48. Bd7 Ke7 49. Be6 Ke8 50. Kg3 Kd8 51. Kf2 Bd1 52. Kg3 Kc7 53. Kh4 Kb6
54. Bd7 Be2 55. Be8 Bf3 56. Bxh5 Bxd5 57. Be2 Be4 58. Kg3 d5 59. Kf2 d4 60. Bc4
Kc6 61. Ke2 Kd6 62. Kd2 Bf5 63. Kc1 Kc6 64. Kb2 Bg4 65. Kc2 Bf5+ 66. Kb3 Bg4
67. Bd3 Be6+ 68. Ka3 Kb6 69. Kb2 Bd7 70. Kc2 Kc6 71. Be4+ Kb5 72. Kd3 Kxb4 73.
Kxd4 Kb5 74. Bd5 Kb6 75. Bb3 Bc6 76. Bc2 Kc7 77. Kc5 Bf3 78. Ba4 Bg2 79. Bb5
Bf3 80. Ba4 Bg2 81. Bb5 Bf3 82. Ba4 1/2-1/2

[Event "La Pobla de Lillet op A"]
[Site "La Pobla de Lillet ESP"]
[Date "2014.08.09"]
[Round "8.6"]
[White "Breuker, DM."]
[Black "Moya Arau, C."]
[Result "1-0"]
[WhiteElo "2061"]
[BlackElo "2034"]
[PlyCount "37"]
[EventDate "2014.08.02"]
[EventType "swiss"]
[EventRounds "9"]
[EventCountry "ESP"]
[SourceTitle "Ajedrez en Madrid"]
[Source "lmi"]
[SourceDate "2020.06.24"]
[SourceVersion "1"]
[SourceVersionDate "2020.06.24"]
[SourceQuality "1"]

1. d4 Nf6 2. c4 e6 3. Nc3 Bb4 4. e3 O-O 5. Nge2 d5 6. a3 Be7 7. cxd5 exd5 8.
Nf4 Bf5 9. Qb3 b6 10. Nfxd5 Bd6 11. Bc4 Ng4 12. Bd2 c6 13. Be2 cxd5 14. Qxd5
Qd7 15. Bb5 Qe6 16. Qxa8 Qb3 17. Qd5 Qxb2 18. Ra2 Be6 19. Rxb2 1-0

[Event "La Pobla de Lillet op A"]
[Site "La Pobla de Lillet ESP"]
[Date "2014.08.09"]
[Round "8.7"]
[White "Garcia Castellote, D."]
[Black "Cervello Tost, F."]
[Result "0-1"]
[WhiteElo "2002"]
[BlackElo "2141"]
[PlyCount "118"]
[EventDate "2014.08.02"]
[EventType "swiss"]
[EventRounds "9"]
[EventCountry "ESP"]
[SourceTitle "Ajedrez en Madrid"]
[Source "lmi"]
[SourceDate "2020.06.24"]
[SourceVersion "1"]
[SourceVersionDate "2020.06.24"]
[SourceQuality "1"]

1. e4 c6 2. d4 d5 3. Nc3 dxe4 4. Nxe4 Bf5 5. Ng3 Bg6 6. h4 h6 7. Nf3 Nd7 8. h5
Bh7 9. Bd3 Bxd3 10. Qxd3 e6 11. Bd2 Ngf6 12. O-O-O Be7 13. Kb1 c5 14. Ne4 O-O
15. Rhg1 cxd4 16. g4 Nxe4 17. Qxe4 Nc5 18. Qxd4 Qxd4 19. Nxd4 Ne4 20. Be3 Rfd8
21. Nb3 b6 22. Kc1 Kf8 23. Rxd8+ Rxd8 24. a4 Ke8 25. Rd1 Nd6 26. a5 Nc4 27.
Rxd8+ Kxd8 28. axb6 axb6 29. Bd4 Bg5+ 30. Kd1 Bf6 31. Kc1 Ke7 32. Bxf6+ Kxf6
33. Nd2 Nd6 34. Kd1 Kg5 35. f3 f5 36. gxf5 exf5 37. c4 Kxh5 38. b4 Kh4 39. c5
bxc5 40. bxc5 Nb5 41. Ke2 Kg3 42. Nf1+ Kf4 43. Ne3 Nd4+ 44. Kf2 Nc6 45. Ng2+
Ke5 46. f4+ Ke4 47. Kg3 g5 48. fxg5 hxg5 49. Kf2 f4 50. Ne1 g4 51. Ke2 Nb4 52.
Kf1 f3 53. Kf2 Kf4 54. Ng2+ fxg2 55. Kxg2 g3 56. Kg1 Kf3 57. Kf1 g2+ 58. Kg1
Nc6 59. Kh2 Kf2 0-1

[Event "La Pobla de Lillet op A"]
[Site "La Pobla de Lillet ESP"]
[Date "2014.08.09"]
[Round "8.8"]
[White "Tejero Royo, F."]
[Black "Ayza Ballester, J."]
[Result "0-1"]
[WhiteElo "2052"]
[BlackElo "2212"]
[PlyCount "86"]
[EventDate "2014.08.02"]
[EventType "swiss"]
[EventRounds "9"]
[EventCountry "ESP"]
[SourceTitle "Ajedrez en Madrid"]
[Source "lmi"]
[SourceDate "2020.06.24"]
[SourceVersion "1"]
[SourceVersionDate "2020.06.24"]
[SourceQuality "1"]

1. d4 d5 2. Nf3 Nf6 3. g3 Bf5 4. Bg2 h6 5. O-O e6 6. c4 c6 7. Nc3 Bd6 8. Nd2
Bb4 9. Re1 O-O 10. Qb3 Qe7 11. c5 Ba5 12. f4 b6 13. cxb6 axb6 14. Nf3 c5 15. e3
Nc6 16. a3 Be4 17. Ne5 Rfc8 18. Bf1 cxd4 19. Nxc6 Rxc6 20. exd4 Ne8 21. Be3 Nd6
22. Rec1 Rac8 23. Bf2 Bxc3 24. Rxc3 Rxc3 25. bxc3 Qc7 26. Be1 Nc4 27. Ra2 Qd6
28. Qb4 Qd8 29. Qb5 g5 30. Bg2 Bxg2 31. Kxg2 Ra8 32. a4 Qf6 33. Rf2 Qf5 34.
fxg5 Qe4+ 35. Kf1 hxg5 36. Qd7 Rf8 37. Bd2 Nxd2+ 38. Rxd2 Qh7 39. Ke2 Qxh2+ 40.
Kd1 Qxg3 41. Qe7 Kg7 42. Kc2 Rh8 43. Kb2 Qf4 0-1

[Event "La Pobla de Lillet op A"]
[Site "La Pobla de Lillet ESP"]
[Date "2014.08.09"]
[Round "8.9"]
[White "Corrigüelas Armillas, F."]
[Black "Sayrol Clols, JM."]
[Result "0-1"]
[WhiteElo "2035"]
[BlackElo "2134"]
[PlyCount "68"]
[EventDate "2014.08.02"]
[EventType "swiss"]
[EventRounds "9"]
[EventCountry "ESP"]
[SourceTitle "Ajedrez en Madrid"]
[Source "lmi"]
[SourceDate "2020.06.24"]
[SourceVersion "1"]
[SourceVersionDate "2020.06.24"]
[SourceQuality "1"]

1. e4 c5 2. Nf3 Nc6 3. d4 cxd4 4. Nxd4 Nf6 5. Nc3 e5 6. Ndb5 d6 7. Nd5 Nxd5 8.
exd5 Nb8 9. a4 a6 10. Na3 Be7 11. Be2 O-O 12. O-O f5 13. f4 b6 14. Nc4 e4 15.
Be3 Nd7 16. Kh1 Bb7 17. g4 b5 18. Na3 Nf6 19. gxf5 Nxd5 20. Bd4 e3 21. Bf3 Rxf5
22. axb5 axb5 23. Nxb5 Rxa1 24. Qxa1 Rxf4 25. Qa2 Kh8 26. Bxg7+ Kxg7 27. Rg1+
Kh8 28. Bxd5 Bxd5+ 29. Qxd5 Qf8 30. Nc3 Bf6 31. Ne2 Rf2 32. Ng3 Be5 33. Rg2 e2
34. Nxe2 Rxe2 0-1

[Event "La Pobla de Lillet op A"]
[Site "La Pobla de Lillet ESP"]
[Date "2014.08.09"]
[Round "8.10"]
[White "Gomez Sanjuan, HF."]
[Black "Herreros Fernandez, M."]
[Result "0-1"]
[WhiteElo "1812"]
[BlackElo "2242"]
[PlyCount "36"]
[EventDate "2014.08.02"]
[EventType "swiss"]
[EventRounds "9"]
[EventCountry "ESP"]
[SourceTitle "Ajedrez en Madrid"]
[Source "lmi"]
[SourceDate "2020.06.24"]
[SourceVersion "1"]
[SourceVersionDate "2020.06.24"]
[SourceQuality "1"]

1. d4 d5 2. c4 Nc6 3. Nf3 e5 4. dxe5 d4 5. g3 Bg4 6. Bg2 Qd7 7. O-O Nge7 8.
Nbd2 Ng6 9. a3 Be7 10. b4 O-O-O 11. Qa4 Kb8 12. Nb3 d3 13. exd3 Bxf3 14. Bxf3
Ncxe5 15. Qxd7 Nxf3+ 16. Kg2 Rxd7 17. Be3 Nfe5 18. Bd4 Rhd8 0-1

[Event "La Pobla de Lillet op A"]
[Site "La Pobla de Lillet ESP"]
[Date "2014.08.10"]
[Round "9.1"]
[White "Boix Moreno, D."]
[Black "Gomez Jurado, LA."]
[Result "1/2-1/2"]
[WhiteElo "2267"]
[BlackElo "2302"]
[PlyCount "20"]
[EventDate "2014.08.02"]
[EventType "swiss"]
[EventRounds "9"]
[EventCountry "ESP"]
[SourceTitle "Ajedrez en Madrid"]
[Source "lmi"]
[SourceDate "2020.06.24"]
[SourceVersion "1"]
[SourceVersionDate "2020.06.24"]
[SourceQuality "1"]

1. e4 c6 2. d4 d5 3. e5 Bf5 4. Nf3 e6 5. Be2 c5 6. Be3 cxd4 7. Nxd4 Ne7 8. c4
Nbc6 9. Qa4 a6 10. Nd2 Qa5 1/2-1/2

[Event "La Pobla de Lillet op A"]
[Site "La Pobla de Lillet ESP"]
[Date "2014.08.10"]
[Round "9.2"]
[White "Movsziszian, K."]
[Black "Breuker, DM."]
[Result "1-0"]
[WhiteElo "2509"]
[BlackElo "2061"]
[PlyCount "113"]
[EventDate "2014.08.02"]
[EventType "swiss"]
[EventRounds "9"]
[EventCountry "ESP"]
[SourceTitle "Ajedrez en Madrid"]
[Source "lmi"]
[SourceDate "2020.06.24"]
[SourceVersion "1"]
[SourceVersionDate "2020.06.24"]
[SourceQuality "1"]

1. g3 d5 2. Bg2 Nf6 3. d3 c6 4. Nf3 Bg4 5. Nbd2 Nbd7 6. O-O e5 7. h3 Bh5 8. e4
dxe4 9. dxe4 Be7 10. Qe1 O-O 11. Nc4 Qc7 12. Nh4 Rfe8 13. a4 Nc5 14. b4 Ne6 15.
Nf5 Bf8 16. c3 Nd7 17. h4 f6 18. Bd2 Nb6 19. Nfe3 Rad8 20. a5 Nxc4 21. Nxc4 a6
22. Rb1 Qd7 23. Be3 c5 24. Nb6 Qd3 25. Qc1 cxb4 26. cxb4 Nd4 27. Bxd4 Qxd4 28.
Qc2 Kh8 29. Qb3 Qd3 30. Qa4 Be2 31. Rfc1 Qb5 32. Qb3 Bd3 33. Bf1 Be2 34. Nd5
Rc8 35. Nc7 Rxc7 36. Rxc7 Bxf1 37. Rxf1 Qxb4 38. Qxb4 Bxb4 39. Rxb7 Bxa5 40.
Ra1 Bc3 41. Rxa6 h5 42. Rc6 Bd4 43. Rcc7 Rg8 44. Rf7 Bc3 45. Rbd7 Bb2 46. Rc7
Bd4 47. Kg2 Bb6 48. Rcd7 Bc5 49. g4 hxg4 50. h5 Ba3 51. h6 Bc1 52. Rxg7 Rxg7
53. hxg7+ Kh7 54. Kg3 Bh6 55. Kxg4 Bxg7 56. Kf5 Kh6 57. Rf7 1-0

[Event "La Pobla de Lillet op A"]
[Site "La Pobla de Lillet ESP"]
[Date "2014.08.10"]
[Round "9.3"]
[White "Gabarro Sole, R."]
[Black "Mellado Triviño, J."]
[Result "0-1"]
[WhiteElo "2071"]
[BlackElo "2443"]
[PlyCount "64"]
[EventDate "2014.08.02"]
[EventType "swiss"]
[EventRounds "9"]
[EventCountry "ESP"]
[SourceTitle "Ajedrez en Madrid"]
[Source "lmi"]
[SourceDate "2020.06.24"]
[SourceVersion "1"]
[SourceVersionDate "2020.06.24"]
[SourceQuality "1"]

1. e4 c5 2. Nc3 a6 3. g3 b5 4. Bg2 Bb7 5. Nh3 b4 6. Na4 e5 7. c4 d6 8. d3 Be7
9. O-O h5 10. b3 g5 11. f4 gxf4 12. gxf4 Nd7 13. a3 a5 14. Ra2 Ngf6 15. Kh1 Ng4
16. axb4 axb4 17. fxe5 Ndxe5 18. d4 cxd4 19. Qxd4 Bf6 20. Qd2 Bc6 21. Qxb4 Nd3
22. Qd2 Nxc1 23. Qxc1 Be5 24. Nc3 Rxa2 25. Nxa2 Qa5 26. Qb1 Ne3 27. b4 Qa8 28.
Re1 Nxg2 29. Kxg2 Rg8+ 30. Kf1 Qa3 31. Nf2 Bd4 32. Qd3 Rg1+ 0-1

[Event "La Pobla de Lillet op A"]
[Site "La Pobla de Lillet ESP"]
[Date "2014.08.10"]
[Round "9.4"]
[White "Sayrol Clols, JM."]
[Black "Renteria Becerra, J."]
[Result "0-1"]
[WhiteElo "2134"]
[BlackElo "2306"]
[PlyCount "84"]
[EventDate "2014.08.02"]
[EventType "swiss"]
[EventRounds "9"]
[EventCountry "ESP"]
[SourceTitle "Ajedrez en Madrid"]
[Source "lmi"]
[SourceDate "2020.06.24"]
[SourceVersion "1"]
[SourceVersionDate "2020.06.24"]
[SourceQuality "1"]

1. e4 c5 2. c3 d6 3. d4 Nf6 4. Bd3 g6 5. h3 Bg7 6. Nf3 O-O 7. O-O Nc6 8. d5 Nb8
9. c4 e5 10. dxe6 Bxe6 11. Nc3 Nc6 12. Bg5 h6 13. Bh4 Ne5 14. Qe2 a6 15. a4 Qc7
16. Rad1 Rfe8 17. Rfe1 Nh5 18. Nxe5 Bxe5 19. Qf3 Qa5 20. Bf1 Qb4 21. g4 Ng7 22.
Bf6 h5 23. g5 Rab8 24. Rd2 h4 25. Red1 Nh5 26. Rxd6 Nxf6 27. gxf6 Qxb2 28. Rxe6
Rxe6 29. Nd5 Bxf6 30. Qf4 Rbe8 31. Bd3 Qe5 32. Qf3 Bg7 33. Rb1 b6 34. Nxb6 Rb8
35. a5 Qc3 36. Kg2 Qxa5 37. Nd5 Rxb1 38. Bxb1 Qd8 39. Qf4 a5 40. Bc2 Re5 41.
Kh2 Qd6 42. Ne3 Bh6 0-1

[Event "La Pobla de Lillet op A"]
[Site "La Pobla de Lillet ESP"]
[Date "2014.08.10"]
[Round "9.6"]
[White "Cervello Tost, F."]
[Black "Capellades Subirana, M."]
[Result "1-0"]
[WhiteElo "2141"]
[BlackElo "2188"]
[PlyCount "125"]
[EventDate "2014.08.02"]
[EventType "swiss"]
[EventRounds "9"]
[EventCountry "ESP"]
[SourceTitle "Ajedrez en Madrid"]
[Source "lmi"]
[SourceDate "2020.06.24"]
[SourceVersion "1"]
[SourceVersionDate "2020.06.24"]
[SourceQuality "1"]

1. Nf3 f5 2. d4 Nf6 3. g3 e6 4. Bg2 c5 5. O-O Nc6 6. c4 cxd4 7. Nxd4 Nxd4 8.
Qxd4 Be7 9. Nc3 d6 10. e4 fxe4 11. Nxe4 O-O 12. Bg5 Nxe4 13. Bxe7 Qxe7 14. Bxe4
e5 15. Qd3 g6 16. Rad1 Rf6 17. Rfe1 Qf8 18. Qd5+ Kg7 19. Rd2 Rb8 20. Qa5 Be6
21. b3 Rf7 22. Qxa7 b5 23. Qa6 bxc4 24. Qxd6 Qxd6 25. Rxd6 Rf6 26. Bc2 cxb3 27.
Bxb3 Bxb3 28. Rxf6 Kxf6 29. Rb1 Ke6 30. axb3 Rb4 31. Kg2 h5 32. Kf3 h4 33. Ke3
g5 34. Kd3 hxg3 35. hxg3 Kd5 36. Kc3 Re4 37. b4 Kc6 38. b5+ Kb6 39. Kd3 Rd4+
40. Ke3 g4 41. f3 Ra4 42. fxg4 Rxg4 43. Kf3 Rg8 44. g4 e4+ 45. Kf4 e3 46. Re1
Kxb5 47. Rxe3 Rf8+ 48. Kg3 Rg8 49. Rc3 Kb6 50. Kf4 Rf8+ 51. Ke5 Rg8 52. Kf5
Rf8+ 53. Ke6 Rg8 54. Rg3 Kc7 55. g5 Re8+ 56. Kf7 Re1 57. Rd3 Rf1+ 58. Kg7 Kc8
59. g6 Kc7 60. Kg8 Kc8 61. g7 Kc7 62. Rd4 Kc8 63. Rh4 1-0

[Event "La Pobla de Lillet op A"]
[Site "La Pobla de Lillet ESP"]
[Date "2014.08.10"]
[Round "9.7"]
[White "Prats Rodriguez, JB."]
[Black "Herreros Fernandez, M."]
[Result "1/2-1/2"]
[WhiteElo "2050"]
[BlackElo "2242"]
[PlyCount "93"]
[EventDate "2014.08.02"]
[EventType "swiss"]
[EventRounds "9"]
[EventCountry "ESP"]
[SourceTitle "Ajedrez en Madrid"]
[Source "lmi"]
[SourceDate "2020.06.24"]
[SourceVersion "1"]
[SourceVersionDate "2020.06.24"]
[SourceQuality "1"]

1. e4 Nf6 2. e5 Nd5 3. d4 d6 4. c4 Nb6 5. exd6 exd6 6. Be3 Be7 7. Nc3 Nc6 8. b3
Bf5 9. Nf3 O-O 10. Rc1 Bf6 11. h3 d5 12. c5 Nc8 13. Bb5 h6 14. O-O N8e7 15. Re1
a6 16. Bf1 Re8 17. Qd2 Be4 18. Nh2 Nf5 19. Nxe4 dxe4 20. d5 Nxe3 21. fxe3 Ne5
22. Red1 Qd7 23. Qf2 Rad8 24. Be2 Bg5 25. Ng4 Nd3 26. Bxd3 exd3 27. Rxd3 f5 28.
Nh2 Qb5 29. Rcc3 Bf6 30. Rc4 Re5 31. a4 Qa5 32. Qf3 b6 33. d6 bxc5 34. d7 Qb6
35. Nf1 c6 36. Rc2 Qb7 37. Rcd2 Kf7 38. Ng3 g6 39. Ne2 Re7 40. Qf4 Rexd7 41.
Qc4+ Kg7 42. Nf4 Rxd3 43. Ne6+ Kh7 44. Rxd3 Rxd3 45. Qxd3 Qe7 46. Nf4 a5 47.
Kf2 1/2-1/2

[Event "La Pobla de Lillet op A"]
[Site "La Pobla de Lillet ESP"]
[Date "2014.08.10"]
[Round "9.8"]
[White "Sanpera Bonet, JC."]
[Black "Jover Font, P."]
[Result "1/2-1/2"]
[WhiteElo "2089"]
[BlackElo "2005"]
[PlyCount "51"]
[EventDate "2014.08.02"]
[EventType "swiss"]
[EventRounds "9"]
[EventCountry "ESP"]
[SourceTitle "Ajedrez en Madrid"]
[Source "lmi"]
[SourceDate "2020.06.24"]
[SourceVersion "1"]
[SourceVersionDate "2020.06.24"]
[SourceQuality "1"]

1. e4 c5 2. a3 Nc6 3. b4 cxb4 4. axb4 Nxb4 5. d4 d5 6. c3 Nc6 7. exd5 Qxd5 8.
Na3 e5 9. Nb5 Bd6 10. Qf3 Qxf3 11. Nxd6+ Kd7 12. Nxf3 Kxd6 13. Ba3+ Kc7 14. d5
e4 15. Nd2 Ne5 16. Bf8 f5 17. Bxg7 Nf7 18. d6+ Kxd6 19. Nc4+ Kc7 20. Bxh8 Nxh8
21. Be2 Nf6 22. O-O Ng6 23. Rfb1 Nd5 24. Ne3 Nxe3 25. fxe3 Bd7 26. Rb4 1/2-1/2

[Event "La Pobla de Lillet op A"]
[Site "La Pobla de Lillet ESP"]
[Date "2014.08.10"]
[Round "9.9"]
[White "Moya Arau, C."]
[Black "Garcia Castellote, D."]
[Result "1-0"]
[WhiteElo "2034"]
[BlackElo "2002"]
[PlyCount "53"]
[EventDate "2014.08.02"]
[EventType "swiss"]
[EventRounds "9"]
[EventCountry "ESP"]
[SourceTitle "Ajedrez en Madrid"]
[Source "lmi"]
[SourceDate "2020.06.24"]
[SourceVersion "1"]
[SourceVersionDate "2020.06.24"]
[SourceQuality "1"]

1. e4 c5 2. Nc3 Nc6 3. f4 g6 4. Nf3 Bg7 5. Bc4 e6 6. O-O Nge7 7. Qe1 O-O 8. d3
d5 9. Bb3 Nd4 10. Nxd4 cxd4 11. Ne2 dxe4 12. dxe4 b6 13. Ng3 Bd7 14. Bd2 h5 15.
e5 Bc6 16. Ne4 Nf5 17. Bb4 Ne3 18. Bxf8 Kxf8 19. Nd6 Bxg2 20. Rf2 Bc6 21. Qb4
Kg8 22. Qxd4 Ng4 23. Rd2 g5 24. Qc3 gxf4 25. Qxc6 Nxe5 26. Qe4 Qg5+ 27. Rg2 1-0

[Event "La Pobla de Lillet op A"]
[Site "La Pobla de Lillet ESP"]
[Date "2014.08.10"]
[Round "9.10"]
[White "Garcia Castellote, O."]
[Black "Vargas Drechsler, C."]
[Result "1-0"]
[WhiteElo "2058"]
[BlackElo "1814"]
[PlyCount "33"]
[EventDate "2014.08.02"]
[EventType "swiss"]
[EventRounds "9"]
[EventCountry "ESP"]
[SourceTitle "Ajedrez en Madrid"]
[Source "lmi"]
[SourceDate "2020.06.24"]
[SourceVersion "1"]
[SourceVersionDate "2020.06.24"]
[SourceQuality "1"]

1. e4 e5 2. Nf3 Nc6 3. Bb5 a6 4. Ba4 Nf6 5. d3 b5 6. Bb3 Bc5 7. O-O d6 8. c3
Bg4 9. h3 Bd7 10. Nbd2 Qb8 11. Nh4 g5 12. Qf3 Ke7 13. Nf5+ Bxf5 14. exf5 h5 15.
Qxc6 g4 16. Ne4 Nxe4 17. Qxe4 1-0